Central Library OPAC University of Rajshahi

ঐতিহাসিক নাটক : (Record no. 79199)

MARC details
000 -LEADER
fixed length control field 00977nam a2200253 a 4500
001 - CONTROL NUMBER
control field 79199
003 - CONTROL NUMBER IDENTIFIER
rucl marc code BD-RjUL
005 - DATE AND TIME OF LATEST TRANSACTION
control field 20220117115954.0
008 - FIXED-LENGTH DATA ELEMENTS--GENERAL INFORMATION
fixed length control field 220117s2016 bg ||||| |||| 00| 0 ben d
020 ## - INTERNATIONAL STANDARD BOOK NUMBER
International Standard Book Number 9879844843423
Terms of availability : Tk.200.00
035 ## - SYSTEM CONTROL NUMBER
System control number (BD-RjUL) 79199
040 ## - CATALOGING SOURCE
Original cataloging agency BD-RjUL
Language of cataloging eng
Transcribing agency BD-RjUL
041 ## - LANGUAGE CODE
Language code of text/sound track or separate title ben
082 ## - DEWEY DECIMAL CLASSIFICATION NUMBER
Edition number 23
Classification number 891.44209
Author mark and year SHS 2016
100 ## - MAIN ENTRY--PERSONAL NAME
Personal name শওকত, খান
9 (RLIN) 770
245 ## - TITLE STATEMENT
Title ঐতিহাসিক নাটক :
Remainder of title বঙ্গবন্ধু শেখ মুজিব /
Statement of responsibility, etc. খান শওকত
260 ## - PUBLICATION, DISTRIBUTION, ETC. (IMPRINT)
Place of publication, distribution, etc. ঢাকা :
Name of publisher, distributor, etc. শিখা প্রকাশনী,
Date of publication, distribution, etc. ২০১৬
300 ## - PHYSICAL DESCRIPTION
Pagination ১৫২ পৃ.;
Size ২২ সেমি.
600 ## - SUBJECT ADDED ENTRY--PERSONAL NAME
Personal name মুজিবুর রহমান,
Titles and other words associated with a name শেখ,
Dates associated with a name ১৯২০-১৯৭৫
Personal name Mujibur Rahman,
Titles and other words associated with a name Sheikh,
Dates associated with a name 1920-1975
650 ## - SUBJECT ADDED ENTRY--TOPICAL TERM
Topical term or geographic name as entry element ঐতিহাসিক নাটক, বাংলা
9 (RLIN) 771
Topical term or geographic name as entry element Historical drama, Bengali
9 (RLIN) 772
942 ## - ADDED ENTRY ELEMENTS (KOHA)
Source of classification or shelving scheme Dewey Decimal Classification
Koha item type Books
Holdings
Lost status Source of classification or shelving scheme Damaged status Not for loan Collection code Permanent Location Current Location Shelving location Date acquired Source of acquisition Cost, normal purchase price Total Checkouts Full call number Date last seen Copy number Koha item type
  Dewey Decimal Classification   Not For Loan Non-fiction Central Library, University of Rajshahi Central Library, University of Rajshahi Bangabandhu Corner Section 02/12/2021 Rajshahi, News Home 150.00   B 891.44209 SHS 2016 17/01/2022 C-1 Books
  Dewey Decimal Classification     Non-fiction Central Library, University of Rajshahi Central Library, University of Rajshahi General Stacks 02/12/2021 Rajshahi, News Home 150.00   B 891.44209 SHS 2016 17/01/2022 C-2 Books